Sports Quiz

Random Sports or Auto Racing Quiz

Word Ladder: Formula 1 Champion Quiz Stats

 Plays Quiz not verified by Sporcle

Support Sporcle.
Go Orange.
Score 0/19 Timer 02:00
0 Plays Today
Hint 4-Letter Word % Correct
Opposite of softHARD
84.2%
Not quite a mountainHILL
78.4%
26.2 of these in a marathonMILE
77.8%
FibsLIES
70.2%
Group of elephantsHERD
70.2%
β€˜Please leave a message after the ____β€™πŸŽ TONE 🏎
69%
Unwanted plantWEED
68.4%
Where flour is ground🏎 MILL 🏎
68.4%
CorridorHALL
66.7%
Harper, Spike and BruceLEES
64.3%
Hint 4-Letter Word % Correct
Urinates🏎 WEES 🏎
62.6%
Toy Story pig🏎 HAMM 🏎
60.8%
Pay attention to, take notice ofHEED
60.2%
Made of clay, found on a roofTILE
59.6%
HurtHARM
59.1%
Cuts of cured porkHAMS
52%
Dutch painter: Frans ____HALS
51.5%
Fork prongTINE
51.5%
French term to receive instead of: in-____ of🏎 LIEU 🏎
49.1%

You're not logged in!

Compare scores with friends on all Sporcle quizzes.
OR
Log In

From the Vault

Movie Title Actors (A-Z) II

by LTH

Practically perfect in every way.
Remove Ads.
Support Sporcle.
Get the best of Sporcle when you Go Orange. This ad-free experience offers more features, more stats, and more fun while also helping to support Sporcle. Thank you for becoming a member.

Show Comments

Extras

Top Quizzes Today


Score Distribution

Your Account Isn't Verified!

In order to create a playlist on Sporcle, you need to verify the email address you used during registration. Go to your Sporcle Settings to finish the process.

Report this User

Report this user for behavior that violates our Community Guidelines.

Details: